Les mascottes des JO d'hiver et d'été de 1968 à 2024 - Statistiques

Statistiques générales
  • Ce quiz a été pris 10 fois
  • Le résultat moyen est 9 sur 29
Statistiques - réponses
Hint Extra Hint Réponse % Correct
2024 Paris La Phryge
78%
2022 Pékin Bing Dwen Dwen le panda
56%
1992 Barcelone Cobi le chien
44%
1980 Moscou Misha l'ours
44%
2006 Turin Neve la boule de neige et Gliz le glaçon
44%
1980* Lake Placid Roni le raton laveur
44%
2018 Pyeongchang Soohorang le tigre blanc
44%
2004 Athènes Athena et Phevos les enfants
33%
2008 Pékin Beibei le poisson, Jingjing le panda, Huanhuan la flamme, Yingying l'antilope et Nini l'hirondelle
33%
1984 Los Angeles Sam l'aigle
33%
2016 Rio de Janeiro Vinicius
33%
1984* Sarajevo Vucko le loup
33%
1972 Munich Waldi le teckel
33%
2012 Londres Wenlock la goute d'acier
33%
1994* Lillehammer Hakon et Kristin les enfants
22%
1988* Calgary Hidy et Howdy les ours
22%
1988 Séoul Hodori et Hosuni les tigres
22%
1996 Atlanta Izzy
22%
2014 Sotchi L'ours polaire, le lapin et le léopard
22%
1992* Albertville Magique le lutin
22%
2020 Tokyo Miraitowa
22%
2000 Sydney Olly le kookaburra, Syd l'ornithorynque et Millie l'échidné
22%
2002 Salt Lake City Powder le lapin, Coal l'ours et Copper le coyote
22%
1976* Innsbruck Schnemann le bonhomme de neige
22%
1998* Nagano Sukki, Nokki, Lekki et Tsukki les chouettes des neiges
22%
1976 Montréal Amik le castor
11%
2010 Vancouver Miga l'ourse de mer et Quatchi le sasquatch
11%
2022* Pékin Shuey Rhon Rhon la lanterne
11%
1968* Grenoble Shuss le skieur
11%
Aucun quiz correspondant
Distribution des résultats
% des personnes avec chaque résultat
Percentile par nombre de réponses
Votre historique - résultats
Vous n’avez pas pris ce quiz